Quartiers de Brest - mort subite - Statistiques

Statistiques générales
  • Ce quiz a été pris 161 fois
  • Le résultat moyen est 3 sur 7
Answers on the Grid
Answers color-coded by a green-red scale on the quiz's grid according to % correct below.
Recouvrance
Gouesnou
Quatre Moulins
Bellevue
Belleville
Bohars
Brest-Centre
Plouzané
Guipavas
Lambézellec
Landévennec
Guilers
Plougastel-Daoulas
Daoulas
Le Relecq-Kerhuon
Saint-Pierre
Saint-Martin
Saint-Marc
Europe
Capucins
Kergoat
Siam
Kergaradec
Harteloire
 
Statistiques - réponses
Réponse % Correct
Bellevue
79%
Quatre Moulins
63%
Lambézellec
53%
Brest-Centre
41%
Saint-Marc
39%
Saint-Pierre
36%
Europe
24%
Aucun quiz correspondant
Distribution des résultats
% des personnes avec chaque résultat
Percentile par nombre de réponses
Votre historique - résultats
Vous n’avez pas pris ce quiz